| 000 | 010360000a22003130004500 | ||
|---|---|---|---|
| 003 | LK-CoMWRAF | ||
| 008 | 230817t ||||| |||| 00| 0 eng d | ||
| 040 |
_aLK-CoMWRAF _dLK-CoMWRAF _eLK-CoMWRAF |
||
| 041 | _aeng | ||
| 082 |
_a410 _bISM |
||
| 245 |
_aGuidance and Counselling _b |
||
| 260 |
_bSLAAED (Sri Lanka Association for the Advancement of Education) _aSri Lanka (Colombo 04) _c |
||
| 300 | _ap.16 | ||
| 650 | _a<Types of Counselling | ||
| 650 | _aEducation | ||
| 650 | _aEducation Proposal for Reform | ||
| 650 | _aJunior Secondary (Grade 6-8) | ||
| 650 | _aPersonal-Social | ||
| 650 | _aPre-University/ Tertiary Level (Grade 12 and 13) | ||
| 650 | _aPrimary School (Grade 1-5) | ||
| 650 | _aPupil Personality Development Records: | ||
| 650 | _aSenior Secondary (Grade 9-11) | ||
| 650 | _aThe History of Counselling in Sri Lanka | ||
| 650 | _aTransition to the World of Work | ||
| 650 | _aVocational | ||
| 650 | _aWhat is Counselling and What is Guidance? | ||
| 700 |
_aIsmail,, Jezima _eed. |
||
| 942 | _cBK | ||
| 999 |
_c1900 _d1900 |
||